00461nam a2200121Ia 4500008004100000245011200041260003700153260000900190300000600199650002600205650001200231856009600243170516s9999 xx 000 0 und d aMultiparametric MR imaging in diagnosis of chronic prostatitis and its differentiation from prostate cancer bRadiology of Infectious Diseases c2015 a: xRadiologic Technology xRadtech uhttps://www.journals.elsevier.com/radiology-of-infectious-diseases/most-downloaded-articles